| Tag |
First Indicator |
Second Indicator |
Subfields |
| LEADER |
00000cam a2200000 a 4500 |
| 001 |
in00000085087 |
| 005 |
20151008055740.0 |
| 007 |
he bm----b--- |
| 008 |
820611r19561955miu ab 00010 engm |
| 010 |
|
|
|a mic56001177
|
| 035 |
|
|
|a (OCoLC)08513487
|
| 035 |
|
|
|9 AAJ4277AM
|
| 040 |
|
|
|a DLC
|c TXA
|d TXA
|d UtOrBLW
|
| 049 |
|
|
|a TXAI
|
| 099 |
|
|
|a film
|a B
|a 278
|
| 100 |
1 |
|
|a Petitt, Jean Morris.
|
| 245 |
1 |
0 |
|a Edna St. Vincent Millay :
|b a critical study of her poetry in its social and literary milieu /
|c by Jean Morris Petitt.
|
| 264 |
|
1 |
|a [Place of publication not identified] :
|b [publisher not identified] ;
|c 1955.
|
| 300 |
|
|
|a vi, 337 leaves.
|
| 336 |
|
|
|a text
|b txt
|2 rdacontent
|
| 337 |
|
|
|a microform
|b h
|2 rdamedia
|
| 338 |
|
|
|a microfiche
|b he
|2 rdacarrier
|
| 502 |
|
|
|b Ph. D.
|c School of Vanderbilt University
|d 1955.
|
| 504 |
|
|
|a Bibliography: leaves 331-337.
|
| 533 |
|
|
|a Microfilm.
|b Ann Arbor, Mich. :
|c University Microfilms,
|d 1956?
|e 1 microfilm reel ; 35 mm.
|
| 500 |
|
|
|a Microform.
|
| 600 |
1 |
0 |
|a Millay, Edna St. Vincent,
|d 1892-1950.
|
| 999 |
|
|
|a MARS
|
| 999 |
f |
f |
|s 958c1995-7268-3cec-8ade-39be44e4bb04
|i a5a2fa80-8842-319b-be65-cb6711ed6b1d
|t 0
|
| 952 |
f |
f |
|p default
|a Texas A&M University
|b College Station
|c Sterling C. Evans Library
|d Evans: Microforms (3rd floor)
|t 0
|e film B 278
|h Other scheme
|i microform -- microfiche
|
| 998 |
f |
f |
|a film B 278
|t 0
|l Evans: Microforms (3rd floor)
|